000 00549nam a2200205Ia 4500
003 GCL
008 140319s9999 xx 000 0 ara d
040 _aGCL /
_cGCL
082 0 4 _a792
_bج س
100 1 _aجلال العشرى
245 1 0 _aسقوط الاقنعة /
_cجلال العشرى
490 _a
650 0 4 _aمصر
650 0 4 _aالمسرحية العربية
650 0 4 _aالمسرحية
650 0 4 _aتاريخ ونقد
650 0 4 _aالمسرحيات العربية
650 0 4 _aالمجموعات
942 _2ddc
_cBK
999 _c38144
_d38144